<?xml version="1.0" encoding="UTF-8"?>
<record
    xmlns:xsi="http://www.w3.org/2001/XMLSchema-instance"
    xsi:schemaLocation="http://www.loc.gov/MARC21/slim http://www.loc.gov/standards/marcxml/schema/MARC21slim.xsd"
    xmlns="http://www.loc.gov/MARC21/slim">

  <leader>05457cam a2200865Ii 4500</leader>
  <controlfield tag="001">ocn919720065</controlfield>
  <controlfield tag="003">OCoLC</controlfield>
  <controlfield tag="005">20230718161142.0</controlfield>
  <controlfield tag="006">m     o  d        </controlfield>
  <controlfield tag="007">cr mn|||||||||</controlfield>
  <controlfield tag="008">150903t20162016maua    ob    001 0 eng d</controlfield>
  <datafield tag="010" ind1=" " ind2=" ">
    <subfield code="z">  2015014288</subfield>
  </datafield>
  <datafield tag="020" ind1=" " ind2=" ">
    <subfield code="a">9781284045390</subfield>
    <subfield code="q">(electronic book)</subfield>
  </datafield>
  <datafield tag="020" ind1=" " ind2=" ">
    <subfield code="a">1284045390</subfield>
    <subfield code="q">(electronic book)</subfield>
  </datafield>
  <datafield tag="020" ind1=" " ind2=" ">
    <subfield code="z">9781284050547</subfield>
    <subfield code="q">(paperback)</subfield>
  </datafield>
  <datafield tag="020" ind1=" " ind2=" ">
    <subfield code="z">1284050548</subfield>
    <subfield code="q">(paperback)</subfield>
  </datafield>
  <datafield tag="024" ind1="8" ind2=" ">
    <subfield code="a">99968484591</subfield>
  </datafield>
  <datafield tag="024" ind1="8" ind2=" ">
    <subfield code="a">40025200083</subfield>
  </datafield>
  <datafield tag="029" ind1="1" ind2=" ">
    <subfield code="a">AU@</subfield>
    <subfield code="b">000056696709</subfield>
  </datafield>
  <datafield tag="035" ind1=" " ind2=" ">
    <subfield code="a">(OCoLC)919720065</subfield>
    <subfield code="z">(OCoLC)1002022920</subfield>
    <subfield code="z">(OCoLC)1003761591</subfield>
    <subfield code="z">(OCoLC)1302084434</subfield>
    <subfield code="z">(OCoLC)1302086899</subfield>
  </datafield>
  <datafield tag="040" ind1=" " ind2=" ">
    <subfield code="a">N$T</subfield>
    <subfield code="b">eng</subfield>
    <subfield code="e">rda</subfield>
    <subfield code="e">pn</subfield>
    <subfield code="c">N$T</subfield>
    <subfield code="d">YDXCP</subfield>
    <subfield code="d">OCLCF</subfield>
    <subfield code="d">USU</subfield>
    <subfield code="d">CUY</subfield>
    <subfield code="d">OSU</subfield>
    <subfield code="d">YDX</subfield>
    <subfield code="d">OCLCQ</subfield>
    <subfield code="d">OCLCO</subfield>
    <subfield code="d">VGM</subfield>
    <subfield code="d">OCLCO</subfield>
    <subfield code="d">NRC</subfield>
    <subfield code="d">OCLCQ</subfield>
    <subfield code="d">OCLCO</subfield>
    <subfield code="d">OCLCA</subfield>
    <subfield code="d">WAU</subfield>
    <subfield code="d">CEF</subfield>
    <subfield code="d">INARC</subfield>
    <subfield code="d">OCLCO</subfield>
    <subfield code="d">OCL</subfield>
    <subfield code="d">OCLCQ</subfield>
  </datafield>
  <datafield tag="043" ind1=" " ind2=" ">
    <subfield code="a">d------</subfield>
  </datafield>
  <datafield tag="050" ind1=" " ind2="4">
    <subfield code="a">RA441</subfield>
    <subfield code="b">.Sk5</subfield>
  </datafield>
  <datafield tag="060" ind1=" " ind2="4">
    <subfield code="a">WA 530.1</subfield>
  </datafield>
  <datafield tag="072" ind1=" " ind2="7">
    <subfield code="a">POL</subfield>
    <subfield code="x">027000</subfield>
    <subfield code="2">bisacsh</subfield>
  </datafield>
  <datafield tag="072" ind1=" " ind2="7">
    <subfield code="a">POL</subfield>
    <subfield code="x">019000</subfield>
    <subfield code="2">bisacsh</subfield>
  </datafield>
  <datafield tag="082" ind1="0" ind2="4">
    <subfield code="a">362.1</subfield>
    <subfield code="2">23</subfield>
  </datafield>
  <datafield tag="100" ind1="1" ind2=" ">
    <subfield code="a">Skolnik, Richard L.,</subfield>
    <subfield code="e">author.</subfield>
    <subfield code="9">25534</subfield>
  </datafield>
  <datafield tag="245" ind1="1" ind2="0">
    <subfield code="a">Global health 101 /</subfield>
    <subfield code="c">Richard Skolnik.</subfield>
  </datafield>
  <datafield tag="246" ind1="3" ind2=" ">
    <subfield code="a">Global health one hundred one</subfield>
  </datafield>
  <datafield tag="246" ind1="3" ind2=" ">
    <subfield code="a">Global health one hundred and one</subfield>
  </datafield>
  <datafield tag="250" ind1=" " ind2=" ">
    <subfield code="a">Third edition.</subfield>
  </datafield>
  <datafield tag="264" ind1=" " ind2="1">
    <subfield code="a">Burlington, MA :</subfield>
    <subfield code="b">Jones &amp; Bartlett Learning,</subfield>
    <subfield code="c">[2016]</subfield>
  </datafield>
  <datafield tag="264" ind1=" " ind2="4">
    <subfield code="c">&#xFFFD;2016</subfield>
  </datafield>
  <datafield tag="300" ind1=" " ind2=" ">
    <subfield code="a">1 online resource (xli, 576 pages) :</subfield>
    <subfield code="b">color illustrations.</subfield>
  </datafield>
  <datafield tag="336" ind1=" " ind2=" ">
    <subfield code="a">text</subfield>
    <subfield code="b">txt</subfield>
    <subfield code="2">rdacontent</subfield>
  </datafield>
  <datafield tag="337" ind1=" " ind2=" ">
    <subfield code="a">computer</subfield>
    <subfield code="b">c</subfield>
    <subfield code="2">rdamedia</subfield>
  </datafield>
  <datafield tag="338" ind1=" " ind2=" ">
    <subfield code="a">online resource</subfield>
    <subfield code="b">cr</subfield>
    <subfield code="2">rdacarrier</subfield>
  </datafield>
  <datafield tag="490" ind1="1" ind2=" ">
    <subfield code="a">Essential public health</subfield>
  </datafield>
  <datafield tag="504" ind1=" " ind2=" ">
    <subfield code="a">Includes bibliographical references and index.</subfield>
  </datafield>
  <datafield tag="505" ind1="0" ind2=" ">
    <subfield code="a">The principles and goals of global health -- Health determinants, measurements, and trends -- Health, education, poverty, and the economy -- Ethical and human rights concerns in global health -- An introduction to health systems -- Culture and health -- The environment and health -- Nutrition and global health -- Women's health -- The health of young children -- Adolescent health -- Communicable diseases -- Noncommunicable diseases -- Unintentional injuries -- Natural disasters and complex humanitarian emergencies -- Working together to improve global health -- Science, technology, and global health -- Working in global health -- Profiles of global health actors.</subfield>
  </datafield>
  <datafield tag="520" ind1=" " ind2=" ">
    <subfield code="a">Rated by an independent panel as the best introductory Global Health text for undergraduates, Global Health 101, Third Edition is a clear, concise, and user-friendly introduction to the most critical issues in global health. It illustrates key themes with an extensive set of case studies, examples, and the latest evidence. Particular attention is given to the health-development link, to developing countries, and to the health needs of poor and disadvantaged people. The Third Edition is a thorough revision that offers an extensive amount of new and updated information, while maintaining clarity, simplicity, and ease of use for faculty and students. Offering the latest data on the burden of disease, the book presents unique content on key topics that are often insufficiently covered in introductory materials, such as immunization and adolescent health.</subfield>
  </datafield>
  <datafield tag="588" ind1="0" ind2=" ">
    <subfield code="a">Print version record.</subfield>
  </datafield>
  <datafield tag="650" ind1=" " ind2="0">
    <subfield code="a">World health.</subfield>
    <subfield code="9">12959</subfield>
  </datafield>
  <datafield tag="650" ind1=" " ind2="0">
    <subfield code="a">Public health</subfield>
    <subfield code="z">Developing countries.</subfield>
    <subfield code="9">25535</subfield>
  </datafield>
  <datafield tag="650" ind1=" " ind2="0">
    <subfield code="a">Public health</subfield>
    <subfield code="x">International cooperation.</subfield>
    <subfield code="9">25536</subfield>
  </datafield>
  <datafield tag="650" ind1=" " ind2="0">
    <subfield code="a">Health services accessibility.</subfield>
    <subfield code="9">6450</subfield>
  </datafield>
  <datafield tag="650" ind1=" " ind2="0">
    <subfield code="a">Public health.</subfield>
    <subfield code="9">6759</subfield>
  </datafield>
  <datafield tag="650" ind1="1" ind2="2">
    <subfield code="a">Global Health</subfield>
    <subfield code="9">12961</subfield>
  </datafield>
  <datafield tag="650" ind1="2" ind2="2">
    <subfield code="a">Health Services Accessibility</subfield>
    <subfield code="9">6450</subfield>
  </datafield>
  <datafield tag="650" ind1="2" ind2="2">
    <subfield code="a">Public Health</subfield>
    <subfield code="9">6759</subfield>
  </datafield>
  <datafield tag="650" ind1=" " ind2="6">
    <subfield code="a">Sant&#xFFFD;e mondiale.</subfield>
    <subfield code="9">12969</subfield>
  </datafield>
  <datafield tag="650" ind1=" " ind2="6">
    <subfield code="a">Sant&#xFFFD;e publique</subfield>
    <subfield code="x">Coop&#xFFFD;eration internationale.</subfield>
    <subfield code="9">25538</subfield>
  </datafield>
  <datafield tag="650" ind1=" " ind2="6">
    <subfield code="a">Services de sant&#xFFFD;e</subfield>
    <subfield code="x">Accessibilit&#xFFFD;e.</subfield>
    <subfield code="9">25541</subfield>
  </datafield>
  <datafield tag="650" ind1=" " ind2="6">
    <subfield code="a">Sant&#xFFFD;e publique.</subfield>
    <subfield code="9">25542</subfield>
  </datafield>
  <datafield tag="650" ind1=" " ind2="7">
    <subfield code="a">public health.</subfield>
    <subfield code="2">aat</subfield>
    <subfield code="9">6759</subfield>
  </datafield>
  <datafield tag="650" ind1=" " ind2="7">
    <subfield code="a">POLITICAL SCIENCE</subfield>
    <subfield code="x">Public Policy</subfield>
    <subfield code="x">Social Security.</subfield>
    <subfield code="2">bisacsh</subfield>
    <subfield code="9">25544</subfield>
  </datafield>
  <datafield tag="650" ind1=" " ind2="7">
    <subfield code="a">POLITICAL SCIENCE</subfield>
    <subfield code="x">Public Policy</subfield>
    <subfield code="x">Social Services &amp; Welfare.</subfield>
    <subfield code="2">bisacsh</subfield>
    <subfield code="9">25546</subfield>
  </datafield>
  <datafield tag="650" ind1=" " ind2="7">
    <subfield code="a">Health services accessibility.</subfield>
    <subfield code="2">fast</subfield>
    <subfield code="0">(OCoLC)fst00953278</subfield>
    <subfield code="9">6450</subfield>
  </datafield>
  <datafield tag="650" ind1=" " ind2="7">
    <subfield code="a">Public health.</subfield>
    <subfield code="2">fast</subfield>
    <subfield code="0">(OCoLC)fst01082238</subfield>
    <subfield code="9">6759</subfield>
  </datafield>
  <datafield tag="650" ind1=" " ind2="7">
    <subfield code="a">Public health</subfield>
    <subfield code="x">International cooperation.</subfield>
    <subfield code="2">fast</subfield>
    <subfield code="0">(OCoLC)fst01082272</subfield>
    <subfield code="9">25536</subfield>
  </datafield>
  <datafield tag="650" ind1=" " ind2="7">
    <subfield code="a">World health.</subfield>
    <subfield code="2">fast</subfield>
    <subfield code="0">(OCoLC)fst01181338</subfield>
    <subfield code="9">12959</subfield>
  </datafield>
  <datafield tag="650" ind1="2" ind2="7">
    <subfield code="a">H&#xFFFD;alsov&#xFFFD;ard.</subfield>
    <subfield code="2">sao</subfield>
    <subfield code="9">25548</subfield>
  </datafield>
  <datafield tag="651" ind1=" " ind2="7">
    <subfield code="a">Developing countries.</subfield>
    <subfield code="2">fast</subfield>
    <subfield code="0">(OCoLC)fst01242969</subfield>
    <subfield code="9">4394</subfield>
  </datafield>
  <datafield tag="776" ind1="0" ind2="8">
    <subfield code="i">Print version:</subfield>
    <subfield code="a">Skolnik, Richard L.</subfield>
    <subfield code="t">Global health 101.</subfield>
    <subfield code="b">Third edition</subfield>
    <subfield code="z">9781284050547</subfield>
    <subfield code="w">(DLC)  2015014288</subfield>
    <subfield code="w">(OCoLC)907515400</subfield>
  </datafield>
  <datafield tag="830" ind1=" " ind2="0">
    <subfield code="a">Essential public health.</subfield>
    <subfield code="9">25550</subfield>
  </datafield>
  <datafield tag="856" ind1="4" ind2="0">
    <subfield code="3">EBSCOhost</subfield>
    <subfield code="u">http://search.ebscohost.com/login.aspx?direct=true&amp;scope=site&amp;db=nlebk&amp;db=nlabk&amp;AN=1059027</subfield>
  </datafield>
  <datafield tag="856" ind1="4" ind2="0">
    <subfield code="3">R2 Digital Library</subfield>
    <subfield code="u">http://www.r2library.com/Resource/Title/1284050548</subfield>
  </datafield>
  <datafield tag="856" ind1="4" ind2="0">
    <subfield code="u">http://proxy.library.carleton.ca/login?url=http://search.ebscohost.com/login.aspx?direct=true&amp;scope=site&amp;db=nlebk&amp;db=nlabk&amp;AN=1059027</subfield>
    <subfield code="z">eBooks on EBSCOhost (Access restricted to 1 simultaneous user)</subfield>
  </datafield>
  <datafield tag="856" ind1="4" ind2="0">
    <subfield code="u">https://archive.org/details/globalhealth1010000skol_p4i3</subfield>
    <subfield code="z">Free eBook from the Internet Archive</subfield>
  </datafield>
  <datafield tag="856" ind1="4" ind2="0">
    <subfield code="u">https://openlibrary.org/books/OL26433479M</subfield>
    <subfield code="z">Additional information and access via Open Library</subfield>
  </datafield>
  <datafield tag="856" ind1="4" ind2="0">
    <subfield code="u">https://archive.org/details/globalhealth1010003skol</subfield>
    <subfield code="z">Free eBook from the Internet Archive</subfield>
  </datafield>
  <datafield tag="942" ind1=" " ind2=" ">
    <subfield code="2">lcc</subfield>
    <subfield code="c">BK</subfield>
  </datafield>
  <datafield tag="948" ind1=" " ind2=" ">
    <subfield code="h">NO HOLDINGS IN GHUCC - 107 OTHER HOLDINGS</subfield>
  </datafield>
  <datafield tag="999" ind1=" " ind2=" ">
    <subfield code="c">45557</subfield>
    <subfield code="d">45557</subfield>
  </datafield>
</record>
